000
00243nam a2200097Ia 4500
001
687468
005
20250826161556.0
008
250824s9999 xx 000 0 und d
245
0
_a
ISSIZ ADANIN KRALI
_c
MICHAEL MORPURGO
260
_b
TUDEM YAYINLARI
999
_c
687468
_d
687468